|
|
|
|
| LEADER |
00693cam a2200217 7i4500 |
| 001 |
0000019651 |
| 005 |
20190613090000.0 |
| 008 |
080111 eng |
| 020 |
|
|
|a 9780135770320
|
| 020 |
|
|
|a 0135770327 (hbk.)
|
| 040 |
|
|
|a DLC
|
| 090 |
0 |
0 |
|a TA351
|b .H53 1998
|
| 100 |
1 |
|
|a Hibbeler, R. C
|
| 245 |
1 |
0 |
|a Engineering mechanics :
|b statics
|c R.C. Hibbeler.
|
| 250 |
|
|
|a 8th ed.
|
| 260 |
|
|
|a Upper Saddle River, NJ:
|b Prentice Hall,
|c 1998.
|
| 300 |
|
|
|a xv, 624 p.:
|b col. ill.;
|c 24 cm.
|
| 500 |
|
|
|a Includes index
|
| 650 |
0 |
0 |
|a Statics
|
| 997 |
|
|
|a Engineering & Life Sciences, Faculty
|b Engineering, Department
|
| 999 |
|
|
|a 0000028363
|b BOK
|c OPEN SHELF
|e 2nd Floor, Bestari Jaya
|